| 000 | 00392nam a2200133Ia 4500 | ||
|---|---|---|---|
| 008 | 151021s9999 xx 000 0 und d | ||
| 020 | _a77072774 | ||
| 050 | _aQA 76 .M43 1990 | ||
| 245 | _a_Information Technology and computer Literacy / Joyce Mount | ||
| 260 | _aLondon : McGraw-Hill, 1990 | ||
| 300 | _ax,143 p. | ||
| 650 | _a_Computer Literacy | ||
| 980 | _a^d20110315 04:00:47^okilerai | ||
| 999 |
_c6836 _d6836 |
||